[Event "NM 2000"]
[Site "NPSF"]
[Date "2000.01.03"]
[Round "?"]
[White "Dahlberg, Jorn S"]
[Black "Lohre, Frank G"]
[Result "1-0"]
[WhiteElo "1457"]
[BlackElo "1709"]
[PlyCount "99"]
[EventDate "2000.??.??"]

1. e4 e5 2. Nf3 Nf6 3. Nxe5 d6 4. Nf3 Nxe4 5. d4 d5 6. Bd3 Be7 7. O-O Nc6 8.
Re1 Bg4 9. c3 f5 10. Nbd2 O-O 11. Nf1 Bh4 12. g3 Be7 13. Ne3 Bh5 14. Ng2 Qd7
15. h4 Bd6 16. Bf4 Rae8 17. Be2 Bg4 18. Bxd6 Qxd6 19. Nf4 Nf6 20. Qd3 Nh5 21.
Nxh5 Bxh5 22. Ng5 Bxe2 23. Rxe2 h6 24. Nh3 Re4 25. Rae1 Rfe8 26. Nf4 g5 27.
hxg5 hxg5 28. Ng2 Rxe2 29. Rxe2 Rxe2 30. Qxe2 Ne7 31. Qe3 Qf6 32. Ne1 f4 33.
gxf4 gxf4 34. Qh3 Qg6+ 35. Kh2 Qe4 36. Nf3 Kf8 37. Ne5 Kg7 38. Qe6 Qh7+ 39. Kg2
Qe4+ 40. Kh3 Qf5+ 41. Qxf5 Nxf5 42. Kg4 Nd6 43. Kxf4 b6 44. Nc6 Nc4 45. b3 Nb2
46. Ke5 Nd1 47. Nxa7 Nxc3 48. a4 c5 49. Nc8 b5 50. dxc5 1-0

[Event "NM 2000"]
[Site "NPSF"]
[Date "2000.01.03"]
[Round "?"]
[White "Lovholt, Thor"]
[Black "Taksrud, Vidar"]
[Result "1-0"]
[WhiteElo "2143"]
[BlackElo "2159"]
[PlyCount "69"]
[EventDate "2000.??.??"]

1. e4 e6 2. d4 d5 3. Nc3 Bb4 4. a3 Bxc3+ 5. bxc3 dxe4 6. Qg4 Nf6 7. Qxg7 Rg8 8.
Qh6 Rg6 9. Qd2 c5 10. Ne2 Nbd7 11. Nf4 Rg8 12. Bb2 Qa5 13. Rd1 cxd4 14. cxd4
Qxd2+ 15. Rxd2 Nd5 16. Nh5 e3 17. Re2 exf2+ 18. Rxf2 Ne3 19. Bc1 Nf5 20. c3 Nd6
21. Bd3 f5 22. O-O Kf7 23. Bf4 Ne8 24. Ng3 Nb6 25. Be5 Bd7 26. c4 Rg4 27. Rb1
Bc6 28. d5 exd5 29. cxd5 Bxd5 30. Nxf5 Ke6 31. Re1 Kd7 32. Bb5+ Kd8 33. Rd2 Rg5
34. Bf4 Rxf5 35. Rxe8# 1-0

[Event "NM 2000"]
[Site "NPSF"]
[Date "2000.01.03"]
[Round "?"]
[White "Haug, Kjell M"]
[Black "Olsen, Svein"]
[Result "0-1"]
[WhiteElo "2021"]
[BlackElo "2152"]
[PlyCount "92"]
[EventDate "2000.??.??"]

1. e4 e6 2. d4 d5 3. Nc3 dxe4 4. Nxe4 Bd7 5. Nf3 Bc6 6. Bd3 Nd7 7. O-O Ngf6 8.
Nxf6+ Qxf6 9. Be2 h6 10. Be3 Bd6 11. c4 Qf5 12. Re1 O-O 13. Qd2 Rad8 14. b4 Be4
15. b5 c5 16. Rad1 Nb6 17. Qc1 Na4 18. dxc5 Bxc5 19. Bxc5 Qxc5 20. Nd2 Bf5 21.
Bf1 Qb4 22. Nf3 Nc5 23. Nd4 Bg6 24. a3 Qa4 25. Qe3 Rfe8 26. Be2 Rc8 27. Nf3 f6
28. Rd6 Qa5 29. Rc1 Qc7 30. Rcd1 Bc2 31. R1d2 Be4 32. R6d4 f5 33. Ne1 f4 34.
Qh3 Bf5 35. Bg4 Ne4 36. Rd1 Bxg4 37. Qxg4 Nf6 38. Qg6 Rf8 39. Nf3 e5 40. R4d2
e4 41. Nd4 e3 42. fxe3 fxe3 43. Re2 Qe5 44. Nf3 Qc5 45. Nh4 Rc7 46. Nf5 Qxc4
0-1

[Event "NM 2000"]
[Site "NPSF"]
[Date "2000.01.03"]
[Round "?"]
[White "Handberg, Rune"]
[Black "Dahlberg, Jorn S"]
[Result "0-1"]
[WhiteElo "1952"]
[BlackElo "1457"]
[PlyCount "104"]
[EventDate "2000.??.??"]

1. e4 e6 2. d4 d5 3. Nc3 Nf6 4. Bg5 Bb4 5. e5 h6 6. Bd2 Bxc3 7. Bxc3 Ne4 8. Bd3
Nxc3 9. bxc3 c5 10. Qg4 O-O 11. dxc5 Qc7 12. Qg3 Qxc5 13. Ne2 Nc6 14. O-O Bd7
15. Rae1 f6 16. Qg6 Nxe5 17. Qh7+ Kf7 18. Nf4 Nxd3 19. Qg6+ Kg8 20. cxd3 Qd6
21. Nh5 Qe7 22. Nf4 Qf7 23. Re3 Qxg6 24. Nxg6 Rfe8 25. d4 Kf7 26. Nh4 Rac8 27.
Nf3 Rc4 28. Rb1 b6 29. Nd2 Ra4 30. Rb2 e5 31. Nb3 g5 32. h3 Bb5 33. Rc2 e4 34.
Nc1 f5 35. Rb2 f4 36. Re1 Bc4 37. Nb3 Rc8 38. Nc1 Ra3 39. Rc2 Bd3 40. Nxd3 exd3
41. Rd2 Rcxc3 42. Red1 Kg6 43. g3 Kf5 44. gxf4 gxf4 45. f3 Rc2 46. Rxd3 Raxa2
47. Re1 Kg5 48. Rdd1 Rg2+ 49. Kh1 Rg3 50. Re5+ Kh4 51. Rxd5 Rxh3+ 52. Kg1 Kg3
0-1

[Event "NM 2000"]
[Site "NPSF"]
[Date "2000.01.03"]
[Round "?"]
[White "Lohre, Frank G"]
[Black "Sjol, Henrik"]
[Result "1/2-1/2"]
[WhiteElo "1709"]
[BlackElo "2020"]
[PlyCount "71"]
[EventDate "2000.??.??"]

1. Nf3 Nf6 2. d4 e6 3. c4 d5 4. Nc3 c6 5. e3 Nbd7 6. Bd3 dxc4 7. Bxc4 b5 8. Bd3
Bb7 9. e4 b4 10. Na4 c5 11. e5 Nd5 12. Nxc5 Bxc5 13. dxc5 Qa5 14. O-O Nxc5 15.
Bc2 Rd8 16. Nd4 Ne7 17. Be3 O-O 18. Qh5 Ng6 19. Rfd1 Ne4 20. Bxe4 Bxe4 21. f4
Rd5 22. Nb3 Qb5 23. Rac1 Rfd8 24. Re1 a5 25. g3 a4 26. Nc5 Bf5 27. Qe2 Bd3 28.
Nxd3 Rxd3 29. Rcd1 b3 30. Rxd3 Rxd3 31. a3 Qd7 32. Rc1 h6 33. Kf2 Ne7 34. Rc7
Qxc7 35. Qxd3 Nd5 36. Qd4 1/2-1/2

[Event "NM 2000"]
[Site "NPSF"]
[Date "2000.01.03"]
[Round "?"]
[White "Bergquist, Rune"]
[Black "Lorentzen, Oystein"]
[Result "1/2-1/2"]
[WhiteElo "2183"]
[BlackElo "2241"]
[PlyCount "47"]
[EventDate "2000.??.??"]

1. e4 e6 2. d4 d5 3. Nc3 Nf6 4. Bg5 Be7 5. e5 Nfd7 6. Bxe7 Qxe7 7. f4 O-O 8.
Nf3 c5 9. Qd2 Nc6 10. dxc5 Nxc5 11. O-O-O a6 12. Bd3 b5 13. Qe3 Nxd3+ 14. cxd3
Bb7 15. Kb1 Rac8 16. Ne2 d4 17. Nfxd4 Nxd4 18. Nxd4 Rfd8 19. Nf3 Qd7 20. Rc1
Rxc1+ 21. Kxc1 h6 22. Rd1 Bd5 23. Kb1 a5 24. Rc1 1/2-1/2

[Event "NM 2000"]
[Site "NPSF"]
[Date "2000.01.03"]
[Round "?"]
[White "Lorentzen, Oystein"]
[Black "Svenneby, Jan"]
[Result "1-0"]
[WhiteElo "2289"]
[BlackElo "2241"]
[PlyCount "141"]
[EventDate "2000.??.??"]

1. e4 e5 2. Nf3 d6 3. d4 Nd7 4. Bc4 c6 5. O-O Be7 6. dxe5 dxe5 7. Ng5 Nh6 8.
Ne6 fxe6 9. Bxh6 Nb6 10. Qh5+ g6 11. Qe2 Qd4 12. Nd2 Qxb2 13. Bb3 Qc3 14. Nf3
Bf6 15. a4 Qb4 16. a5 Nd7 17. Bxe6 Qe7 18. Bg4 Nc5 19. Bxc8 Rxc8 20. Qc4 Ne6
21. Rfd1 g5 22. h4 gxh4 23. Rab1 Rc7 24. Be3 O-O 25. Bxa7 Kh8 26. Kh2 Rg8 27.
Ne1 Nf4 28. Bb6 Rcc8 29. Be3 Qg7 30. Bxf4 exf4 31. Rd3 Rce8 32. a6 bxa6 33.
Qxc6 Re7 34. Rbd1 Be5 35. Rd8 f3+ 36. Kg1 fxg2 37. Nf3 h3 38. Rxg8+ Qxg8 39.
Nxe5 Re6 40. Nf7+ Qxf7 41. Rd8+ Kg7 42. Qc3+ Qf6 43. Rd7+ Kf8 44. Qa3+ Ke8 45.
Rxh7 Rxe4 46. Rxh3 Re1+ 47. Kxg2 Qg6+ 48. Qg3 Qxg3+ 49. Rxg3 Kf7 50. Ra3 Re6
51. Kf3 Rc6 52. Ra2 Re6 53. Ra4 Kf6 54. c4 Ke7 55. Kf4 Kf6 56. c5 Rc6 57. Ra5
Re6 58. f3 Kg6 59. Kg4 Rc6 60. f4 Kf6 61. f5 Kf7 62. Kf4 Kf6 63. Ke4 Ke7 64.
Kd5 Rf6 65. Ra1 Kd7 66. Rd1 Ke7 67. Rb1 Kd7 68. Ke5 Rc6 69. Rb7+ Ke8 70. Kd5
Rf6 71. Rb6 1-0

[Event "NM 2000"]
[Site "NPSF"]
[Date "2000.01.03"]
[Round "?"]
[White "Sjol, Henrik"]
[Black "Bergquist, Rune"]
[Result "1/2-1/2"]
[WhiteElo "2020"]
[BlackElo "2183"]
[PlyCount "42"]
[EventDate "2000.??.??"]

1. c4 Nf6 2. Nc3 e6 3. g3 d5 4. d4 dxc4 5. Qa4+ Nc6 6. Bg2 Nd5 7. e3 Be7 8.
Qxc4 Ncb4 9. Qb3 Nb6 10. Nf3 c5 11. O-O cxd4 12. Rd1 d3 13. Ne5 O-O 14. a3 Qc7
15. Nxd3 Nxd3 16. Rxd3 Bd7 17. e4 Rfd8 18. Bf4 e5 19. Be3 Be6 20. Rxd8+ Rxd8
21. Nd5 Bxd5 1/2-1/2

[Event "NM 2000"]
[Site "NPSF"]
[Date "2000.01.03"]
[Round "?"]
[White "Olsen, Svein"]
[Black "Handberg, Rune"]
[Result "1-0"]
[WhiteElo "2152"]
[BlackElo "1952"]
[PlyCount "67"]
[EventDate "2000.??.??"]

1. e4 Nf6 2. e5 Nd5 3. d4 d6 4. Nf3 g6 5. Bc4 Nb6 6. Bb3 Bg7 7. Ng5 e6 8. f4 d5
9. O-O Qe7 10. a4 a5 11. Nc3 Bd7 12. Qd3 Na6 13. Nb5 Nc8 14. Bd2 b6 15. c4 h6
16. Nf3 c6 17. Na3 Nc7 18. Be1 O-O 19. Bh4 Qe8 20. Rac1 dxc4 21. Nxc4 Nd5 22.
Nfd2 b5 23. axb5 cxb5 24. Ne3 Nb4 25. Qc3 Bc6 26. Nc2 Nxc2 27. Qxc2 Ra6 28. Ne4
a4 29. Ba2 Na7 30. Nf6+ Bxf6 31. Bxf6 Qd7 32. Qd2 Be4 33. f5 exf5 34. Rc7 1-0

[Event "NM 2000"]
[Site "NPSF"]
[Date "2000.01.03"]
[Round "?"]
[White "Klausen, Tor-Arne"]
[Black "Sorgjerd, Jan"]
[Result "1/2-1/2"]
[WhiteElo "2198"]
[BlackElo "1949"]
[PlyCount "65"]
[EventDate "2000.??.??"]

1. d4 d5 2. c4 e6 3. Nc3 Nf6 4. cxd5 exd5 5. Bg5 Be7 6. e3 c6 7. Bd3 Nbd7 8.
Qc2 O-O 9. Nf3 Re8 10. O-O Nf8 11. h3 g6 12. Bh6 Ne6 13. Rac1 Ng7 14. Qd1 Nf5
15. Bf4 Be6 16. Qb3 Qb6 17. Nb5 Rac8 18. Nc7 Qxb3 19. axb3 Red8 20. Nxe6 fxe6
21. g4 Ng7 22. Ne5 Nd7 23. Nxd7 Rxd7 24. Be5 Rf8 25. f4 Bf6 26. Bxf6 Rxf6 27.
b4 a6 28. Kf2 Rf8 29. h4 Re7 30. Kg2 Ref7 31. h5 gxh5 32. Rh1 Rd8 33. g5
1/2-1/2

[Event "NM 2000"]
[Site "NPSF"]
[Date "2000.01.03"]
[Round "?"]
[White "Svenneby, Jan"]
[Black "Sorgjerd, Jan"]
[Result "1-0"]
[WhiteElo "1949"]
[BlackElo "2289"]
[PlyCount "85"]
[EventDate "2000.??.??"]

1. e4 c5 2. Nf3 d6 3. d4 cxd4 4. Nxd4 Nf6 5. Nc3 a6 6. Bc4 e6 7. f3 Be7 8. Be3
Qc7 9. Bb3 Nc6 10. Qd2 Na5 11. g4 Nc4 12. Bxc4 Qxc4 13. O-O-O b5 14. Kb1 Bb7
15. h4 d5 16. e5 Nd7 17. f4 Bb4 18. Nde2 d4 19. Rhf1 Bxc3 20. Nxc3 b4 21. Ne2
Bd5 22. b3 dxe3 23. bxc4 exd2 24. cxd5 exd5 25. Rxd2 Nb6 26. Rf3 Rc8 27. c3 Rc4
28. cxb4 Rxb4+ 29. Rb3 Rxb3+ 30. axb3 Kd7 31. Ra2 Ra8 32. Ra5 Kc7 33. Kc2 Re8
34. Nd4 Ra8 35. Kd3 g6 36. Nc2 Kb7 37. Kd4 Rc8 38. Rc5 Rh8 39. Ne3 h5 40. g5
Rd8 41. f5 Rd7 42. fxg6 fxg6 43. Nxd5 1-0

[Event "NM 2000"]
[Site "NPSF"]
[Date "2000.01.03"]
[Round "?"]
[White "Sterud, Edvard"]
[Black "Klausen, Tor-Arne"]
[Result "0-1"]
[WhiteElo "2203"]
[BlackElo "2198"]
[PlyCount "58"]
[EventDate "2000.??.??"]

1. d4 Nf6 2. c4 e6 3. Nc3 Bb4 4. Qc2 d5 5. cxd5 Qxd5 6. Nf3 Qf5 7. Qd1 Bd7 8.
Qb3 Nc6 9. Bd2 O-O 10. h3 a5 11. e3 Bd6 12. Be2 e5 13. g4 Qg6 14. dxe5 Nxe5 15.
Nxe5 Bxe5 16. Qxb7 Rab8 17. Qa6 Rxb2 18. Qxa5 Re8 19. Rc1 Ne4 20. Nxe4 Qxe4 21.
f3 Bg3+ 22. Kf1 Qb7 23. a4 Ra8 24. Qc3 Bxa4 25. Qd4 Bb5 26. Kg1 Bxe2 27. Bc3 f6
28. Bxb2 Qxf3 29. e4 Kh8 0-1

[Event "NM 2000"]
[Site "NPSF"]
[Date "2000.01.03"]
[Round "?"]
[White "Lohre, Frank G"]
[Black "Olsen, Svein"]
[Result "1-0"]
[WhiteElo "1709"]
[BlackElo "2152"]
[PlyCount "91"]
[EventDate "2000.??.??"]

1. d4 Nf6 2. c4 e6 3. Nc3 Bb4 4. e3 c5 5. Nge2 cxd4 6. exd4 d5 7. c5 Bd7 8. a3
Ba5 9. b4 Bc7 10. g3 O-O 11. Bg2 a6 12. O-O Nc6 13. Bg5 h6 14. Bf4 Ne7 15. Re1
b6 16. Qd2 Ng6 17. Bxc7 Qxc7 18. Nc1 bxc5 19. dxc5 Bc6 20. f4 h5 21. Nb3 Ne7
22. Nd4 Bd7 23. Qe3 Ng4 24. Qe2 a5 25. Ncb5 Qb8 26. Bf1 Nf6 27. Rab1 axb4 28.
axb4 h4 29. Rec1 hxg3 30. hxg3 Bxb5 31. Qxb5 Ra3 32. Qxb8 Rxb8 33. b5 Ne4 34.
c6 Rxg3+ 35. Kh2 Nc8 36. Ra1 Re3 37. c7 Rb7 38. Ra8 Ned6 39. Rc6 Kh7 40. Raa6
Ne8 41. Ra8 Ned6 42. Rb8 Ra7 43. b6 Ra2+ 44. Bg2 Rd3 45. Rxc8 Rxd4 46. Rc3 1-0

[Event "NM 2000"]
[Site "NPSF"]
[Date "2000.01.03"]
[Round "?"]
[White "Bergquist, Rune"]
[Black "Dahlberg, Jorn S"]
[Result "1/2-1/2"]
[WhiteElo "2183"]
[BlackElo "1457"]
[PlyCount "139"]
[EventDate "2000.??.??"]

1. e4 e6 2. d4 d5 3. Nc3 Bb4 4. e5 c5 5. a3 Bxc3+ 6. bxc3 Qc7 7. Qg4 f5 8. Qg3
cxd4 9. cxd4 Ne7 10. Bd2 O-O 11. Bd3 b6 12. Ne2 Ba6 13. Nf4 Qd7 14. Bxa6 Nxa6
15. h4 Nb8 16. Nh5 Ng6 17. Nf6+ gxf6 18. h5 Qg7 19. exf6 Qxf6 20. hxg6 Qxg6 21.
Bg5 Nd7 22. Rh6 Qg7 23. O-O-O Rae8 24. Rdh1 Rf7 25. R1h3 Nf8 26. Qe3 e5 27. Bf4
exf4 28. Qxe8 Qxd4 29. R6h5 Qa1+ 30. Kd2 Qd4+ 31. Ke2 Qg7 32. Qd8 Qe5+ 33. Kd2
Qd4+ 34. Rd3 Qxf2+ 35. Kc1 Qe1+ 36. Rd1 Qc3 37. Rg5+ Kh8 38. Rd3 Qe1+ 39. Kb2
Qe5+ 40. Ka2 Qe2 41. Rc3 Qe6 42. Rh3 Qe2 43. Qc8 Qe6 44. Qb8 Qe2 45. Kb2 Qe4
46. Rd3 h6 47. Rh5 Kg7 48. Qd6 Rf6 49. Qc7+ Rf7 50. Qc3+ Kg6 51. Rdh3 Rh7 52.
Qc8 Qe5+ 53. Kb1 Qe1+ 54. Ka2 Qe4 55. g4 fxg4 56. Qxg4+ Kf6 57. Rh2 Rg7 58.
Rxh6+ Rg6 59. Rf2 Kg7 60. Rxg6+ Nxg6 61. Re2 Qc4+ 62. Kb1 Qc6 63. Re7+ Kf6 64.
Rxa7 Qb5+ 65. Kc1 Qf1+ 66. Qd1 Qxd1+ 67. Kxd1 Ne5 68. Ke2 Nc4 69. a4 Ke5 70.
Rf7 1/2-1/2

[Event "NM 2000"]
[Site "NPSF"]
[Date "2000.01.03"]
[Round "?"]
[White "Lorentzen, Oystein"]
[Black "Sjol, Henrik"]
[Result "1/2-1/2"]
[WhiteElo "2241"]
[BlackElo "2020"]
[Annotator "Lorentzen"]
[PlyCount "39"]
[EventDate "2000.??.??"]

1. e4 g6 2. d4 Bg7 3. Nc3 d6 4. f4 Nc6 5. Be3 Nf6 6. Be2 O-O 7. d5 Nb8 8. g4 c6
9. g5 Ne8 10. Nf3 cxd5 (10... Bxc3+ 11. bxc3 Qa5 12. Qd2) (10... b5 11. a3 a6
12. Bd4 cxd5 13. Bxg7 Nxg7 14. Qxd5 Ra7 15. O-O-O Rc7 16. Qd2 Bb7 17. Kb1 Qd7
18. Nd4 Rfc8 19. Qe3 Nc6 20. Nb3 Nd8 21. Rhg1 Nde6 22. Rg3 Nc5 23. Bg4 e6 24.
e5 Nxb3 25. Rxd6 Qe7 26. cxb3 b4 27. axb4 Ne8 28. Qd3 Bc6 29. Rd4 Ra7 30. Bf3
Bxf3 31. Rxf3 Qb7 32. h4 a5 33. b5 Ng7 34. Rd8+ Ne8 35. Rxc8 Qxc8 36. b6 Rb7
37. Qb5 Rb8 38. Rd3 Qb7 39. Qxa5 Qh1+ 40. Rd1 {
1-0 Pillhock,U-Langenberg,C/corr 1995/Megacorr (40)}) 11. Qxd5 Nc6 12. Qb3 Qa5
13. O-O Nc7 14. Rfd1 Ne6 15. Nd5 Nc5 16. Qb5 Qxb5 17. Bxb5 Nxe4 18. Bxc6 bxc6
19. Nxe7+ Kh8 20. Nxc6 1/2-1/2

[Event "NM 2000"]
[Site "NPSF"]
[Date "2000.01.03"]
[Round "?"]
[White "Svenneby, Jan"]
[Black "Sjol, Henrik"]
[Result "1/2-1/2"]
[WhiteElo "2289"]
[BlackElo "2020"]
[PlyCount "90"]
[EventDate "2000.??.??"]

1. d4 Nf6 2. c4 e6 3. g3 d5 4. Bg2 dxc4 5. Qa4+ Nbd7 6. Nf3 a6 7. Nc3 Rb8 8.
Qxc4 b5 9. Qd3 Bb7 10. Bf4 Rc8 11. Rd1 c5 12. O-O b4 13. Nb1 c4 14. Qc2 Be4 15.
Qa4 Bc6 16. Qxa6 Bd5 17. Qa4 Ra8 18. Qc2 Rxa2 19. Qc1 Qa5 20. Ne5 Bxg2 21. Kxg2
Nb6 22. Kg1 Bd6 23. Nd2 c3 24. bxc3 bxc3 25. Ndc4 Nxc4 26. Nxc4 Bxf4 27. Qxf4
Qd8 28. Nd6+ Ke7 29. Nb5 Nd5 30. Qg5+ Kd7 31. Qxg7 Qf8 32. Qe5 c2 33. Rc1 f6
34. Qh5 Qb4 35. Qf7+ Qe7 36. Qh5 f5 37. e4 fxe4 38. Qe5 Rc8 39. Qxe4 Ra5 40.
Rxc2 Rxc2 41. Qxc2 Rxb5 42. Ra1 Rb7 43. Ra8 Rc7 44. Qe4 Qg7 45. Qe5 Qg6 1/2-1/2

[Event "NM 2000"]
[Site "NPSF"]
[Date "2000.01.06"]
[Round "?"]
[White "Dahlberg, Jorn S"]
[Black "Lorentzen, Oystein"]
[Result "1/2-1/2"]
[WhiteElo "1457"]
[BlackElo "2241"]
[PlyCount "94"]
[EventDate "2000.??.??"]

1. d4 Nf6 2. c4 e6 3. Nf3 d5 4. Nc3 c6 5. e3 Nbd7 6. Qc2 Bd6 7. Bd3 O-O 8. O-O
Qe7 9. c5 Bc7 10. e4 dxe4 11. Nxe4 Nxe4 12. Bxe4 h6 13. Re1 Nf6 14. Bd2 Nxe4
15. Qxe4 Qf6 16. Ne5 Rd8 17. Bf4 Rd5 18. Bg3 Bxe5 19. Bxe5 Qf5 20. Qe3 b6 21.
Rac1 b5 22. Rc3 Bd7 23. f4 a5 24. h3 h5 25. Kh2 a4 26. Qf2 a3 27. b3 f6 28. Bd6
h4 29. Rf3 Ra7 30. Qxh4 Rxd4 31. Qf2 Qd5 32. Rfe3 Rd2 33. R1e2 Rd1 34. Rc3 Qd4
35. Qxd4 Rxd4 36. Rcc2 Rd5 37. Rcd2 Ra8 38. g4 Be8 39. Kg3 Bf7 40. h4 Re8 41.
Rxd5 exd5 42. Rxe8+ Bxe8 43. f5 d4 44. Bf4 Bf7 45. Bc1 b4 46. Kf3 Bd5+ 47. Ke2
Be4 1/2-1/2

[Event "NM 2000"]
[Site "NPSF"]
[Date "2000.01.03"]
[Round "?"]
[White "Olsen, Svein"]
[Black "Bergquist, Rune"]
[Result "1-0"]
[WhiteElo "2152"]
[BlackElo "2183"]
[PlyCount "69"]
[EventDate "2000.??.??"]

1. e4 e5 2. d4 exd4 3. Qxd4 Nc6 4. Qe3 Nf6 5. Bd2 Bb4 6. a3 Bxd2+ 7. Nxd2 O-O
8. O-O-O Re8 9. f4 d6 10. Bd3 Ne7 11. h3 Ng6 12. Ne2 b6 13. g4 Bb7 14. g5 Nd7
15. h4 Ngf8 16. h5 d5 17. Ng3 c5 18. Nf5 Qc7 19. Rhf1 c4 20. Be2 c3 21. Qxc3
Qxc3 22. bxc3 dxe4 23. h6 Nc5 24. Nxg7 Re7 25. Nh5 Kh8 26. Rde1 Rd8 27. Bg4 e3
28. Nc4 Ba6 29. Be2 Ng6 30. Rf3 Na4 31. Bd3 Nxc3 32. Rexe3 Rde8 33. Rxe7 Rxe7
34. f5 Nh4 35. Rf4 1-0

[Event "NM 2000"]
[Site "NPSF"]
[Date "2000.01.03"]
[Round "?"]
[White "Klausen, Tor-Arne"]
[Black "Lovholt, Thor"]
[Result "1-0"]
[WhiteElo "2198"]
[BlackElo "2143"]
[PlyCount "53"]
[EventDate "2000.??.??"]

1. d4 Nf6 2. Bg5 Ne4 3. Bf4 c5 4. f3 Qa5+ 5. c3 Nf6 6. Nd2 cxd4 7. Nb3 Qb6 8.
Qxd4 d5 9. Qxb6 axb6 10. Nd4 Nbd7 11. Nb5 Ra5 12. e3 e5 13. Bg3 Be7 14. b4 Ra4
15. Bd3 Kd8 16. Ne2 h5 17. Bh4 Ng8 18. Bxe7+ Nxe7 19. e4 Nf6 20. O-O Bd7 21.
Nd6 Be6 22. f4 exf4 23. Nxf4 Kc7 24. e5 Ng4 25. Rae1 Rxa2 26. Nxe6+ fxe6 27.
Rf7 1-0

[Event "NM 2000"]
[Site "NPSF"]
[Date "2000.01.03"]
[Round "?"]
[White "Sorgjerd, Jan"]
[Black "Sterud, Edvard"]
[Result "1/2-1/2"]
[WhiteElo "1949"]
[BlackElo "2203"]
[PlyCount "66"]
[EventDate "2000.??.??"]

1. d4 e6 2. c4 f5 3. g3 Nf6 4. Bg2 d5 5. Nf3 c6 6. O-O Bd6 7. b3 Qe7 8. Bb2 O-O
9. e3 Bd7 10. Nbd2 Be8 11. Ne1 Bh5 12. Ndf3 Nbd7 13. Nd3 Rad8 14. Qc2 dxc4 15.
bxc4 Bxf3 16. Bxf3 e5 17. dxe5 Nxe5 18. Nxe5 Bxe5 19. Bxe5 Qxe5 20. Rad1 Ne4
21. Rd3 Nc5 22. Rd2 Rxd2 23. Qxd2 Ne6 24. Qb4 Rf7 25. Rd1 Rc7 26. Qa4 a6 27.
Qb4 Kf7 28. a3 g6 29. Qb3 h6 30. Qb4 a5 31. Qd2 Kf6 32. Bg2 Re7 33. Bf3 Kf7
1/2-1/2

[Event "NM 2000"]
[Site "NPSF"]
[Date "2000.01.03"]
[Round "?"]
[White "Sterud, Edvard"]
[Black "Svenneby, Jan"]
[Result "1/2-1/2"]
[WhiteElo "2203"]
[BlackElo "2289"]
[PlyCount "115"]
[EventDate "2000.??.??"]

1. d4 Nf6 2. c4 d6 3. Nc3 Nbd7 4. e4 e5 5. Nf3 Be7 6. Be2 O-O 7. O-O c6 8. Be3
Qc7 9. d5 Ne8 10. b4 g6 11. Qd3 a5 12. a3 axb4 13. axb4 Rxa1 14. Rxa1 f5 15.
exf5 gxf5 16. Qc2 Ndf6 17. dxc6 Qxc6 18. Bh6 Ng7 19. Qb3 Kh8 20. Nd5 Nxd5 21.
cxd5 Qe8 22. Ra8 Qg6 23. Bc1 Bd7 24. Ra7 Rb8 25. b5 Nh5 26. b6 Nf6 27. Bb2 f4
28. Bd3 Qh5 29. Ne1 Bf5 30. Bc4 Ng4 31. h3 Nf6 32. Qa3 Qd1 33. Qb4 Nxd5 34.
Bxd5 Qxd5 35. Ra5 Qe6 36. Qxf4 Rf8 37. Qf3 Qd7 38. Ra7 Rb8 39. Kh2 Bf8 40. Nd3
Bxd3 41. Qxd3 Qc6 42. Qe3 Bg7 43. Ra1 Qb5 44. Bc3 Re8 45. Ra7 Qc6 46. Qf3 Qxf3
47. gxf3 Rb8 48. Kg3 Kg8 49. Bb4 Bf8 50. f4 exf4+ 51. Kxf4 Kf7 52. Kf5 Ke7 53.
Bd2 Bg7 54. Be3 Kd7 55. Ke4 Kc6 56. Kd3 d5 57. Ra2 d4 58. Rc2+ 1/2-1/2

[Event "NM 2000"]
[Site "NPSF"]
[Date "2000.01.03"]
[Round "?"]
[White "Lovholt, Thor"]
[Black "Sorgjerd, Jan"]
[Result "1/2-1/2"]
[WhiteElo "2143"]
[BlackElo "1949"]
[PlyCount "69"]
[EventDate "2000.??.??"]

1. e4 c5 2. c3 d5 3. exd5 Qxd5 4. d4 Nf6 5. Nf3 Bg4 6. Nbd2 Nc6 7. Bc4 Bxf3 8.
gxf3 Qf5 9. Qb3 O-O-O 10. Bxf7 Nd5 11. Bxd5 Rxd5 12. dxc5 e6 13. Nc4 Qxf3 14.
Rg1 Bxc5 15. Be3 Rhd8 16. Rxg7 b5 17. Bxc5 Na5 18. Nd6+ R8xd6 19. Rg8+ Rd8 20.
Rxd8+ Kxd8 21. Qxb5 Re5+ 22. Kd2 Qd5+ 23. Kc2 Qe4+ 24. Qd3+ Qxd3+ 25. Kxd3 Rxc5
26. Rg1 Rh5 27. Rg2 Nc6 28. Ke4 Kd7 29. f4 a5 30. Rd2+ Kc7 31. Rg2 Kd6 32. Rd2+
Kc5 33. Rg2 Ne7 34. Rg5+ Rxg5 35. fxg5 1/2-1/2

[Event "NM 2000"]
[Site "NPSF"]
[Date "2000.01.03"]
[Round "?"]
[White "Haug, Kjell M"]
[Black "Klausen, Tor-Arne"]
[Result "0-1"]
[WhiteElo "2021"]
[BlackElo "2198"]
[PlyCount "80"]
[EventDate "2000.??.??"]

1. e4 c5 2. Nf3 d6 3. d4 cxd4 4. Nxd4 Nf6 5. Nc3 a6 6. f4 e5 7. Nf3 Nbd7 8. a4
Be7 9. Bd3 O-O 10. O-O exf4 11. a5 b6 12. Bxf4 bxa5 13. Be3 Rb8 14. b3 Qc7 15.
Bd4 Ne5 16. Nd5 Nxd5 17. exd5 Bg4 18. Bxa6 Bf6 19. Be2 Nxf3+ 20. Bxf3 Bxf3 21.
Rxf3 Bxd4+ 22. Qxd4 Qxc2 23. Qe3 Rbc8 24. Rf2 Qc7 25. Rfa2 Rfe8 26. Qd4 Qb7 27.
Rxa5 Qxb3 28. Ra6 h5 29. Rc6 Ra8 30. Rf1 Re2 31. Kh1 Raa2 32. Rc8+ Kh7 33. Rc3
Qb2 34. Qd3+ Kh6 35. Qf3 Rxg2 36. Qf4+ Rg5 37. Rg1 Kh7 38. Rxg5 Qxc3 39. Qf5+
Kg8 40. Rg1 Qd2 0-1

[Event "NM 2000"]
[Site "NPSF"]
[Date "2000.01.03"]
[Round "?"]
[White "Bergquist, Rune"]
[Black "Taksrud, Vidar"]
[Result "1-0"]
[WhiteElo "2183"]
[BlackElo "2159"]
[PlyCount "41"]
[EventDate "2000.??.??"]

1. e4 e6 2. d4 d5 3. Nc3 Bb4 4. e5 c5 5. a3 Bxc3+ 6. bxc3 Ne7 7. Qg4 Qc7 8.
Qxg7 Rg8 9. Qxh7 cxd4 10. Ne2 Nbc6 11. f4 Bd7 12. Qd3 dxc3 13. Nxc3 a6 14. Rb1
Na5 15. h4 Nf5 16. Rh3 O-O-O 17. h5 Nc4 18. Rb4 Nb6 19. Be3 Nc4 20. Bf2 f6 21.
Qxf5 1-0

[Event "NM 2000"]
[Site "NPSF"]
[Date "2000.??.??"]
[Round "?"]
[White "Lorentzen, Oystein"]
[Black "Olsen, Svein"]
[Result "1-0"]
[WhiteElo "2241"]
[BlackElo "2152"]
[PlyCount "157"]
[EventDate "2000.??.??"]

1. e4 e5 2. Nf3 Nc6 3. Bb5 a6 4. Ba4 Nf6 5. O-O Be7 6. Re1 b5 7. Bb3 d6 8. c3
O-O 9. h3 Na5 10. Bc2 c5 11. d4 Qc7 12. Nbd2 cxd4 13. cxd4 Bd7 14. Nf1 Rac8 15.
Ne3 Nc6 16. d5 Nb4 17. Bb1 a5 18. Bd2 Na6 19. Bc2 Qb6 20. Nh2 Rc7 21. Nhf1 Rfc8
22. Ng3 g6 23. a4 b4 24. b3 Qa7 25. Nc4 Nc5 26. Bh6 Ne8 27. Qd2 Qa6 28. Be3 Ng7
29. Qe2 h5 30. Nf1 f5 31. exf5 Nxf5 32. Bxc5 Rxc5 33. Rad1 Qa7 34. Nfe3 Nxe3
35. Qxe3 Be8 36. Kh1 Bf8 37. f4 exf4 38. Qxf4 Qg7 39. Bb1 Rd8 40. Qg5 Rdc8 41.
Nb6 Rb8 42. Rxe8 Rxe8 43. Nd7 Be7 44. Qxg6 Qxg6 45. Bxg6 Rec8 46. Nxc5 Rxc5 47.
Bxh5 Rc3 48. Rb1 Bg5 49. Kg1 Kg7 50. Be2 Kg6 51. Bc4 Be3+ 52. Kh1 Kg5 53. Rf1
Bf4 54. Kg1 Be3+ 55. Kh2 Bf4+ 56. Kh1 Be3 57. Rb1 Kh4 58. Rf1 Kg5 59. Rd1 Bf4
60. Rf1 Be3 61. Rf3 Bd4 62. Be2 Rxf3 63. Bxf3 Kf4 64. Be2 Kg3 65. h4 Kxh4 66.
Kh2 Be5+ 67. Kg1 Kg3 68. Bf3 Bd4+ 69. Kf1 Be3 70. Ke2 Bb6 71. Kd3 Kf4 72. Kc4
Ke3 73. Kb5 Bd8 74. Kc6 Kd3 75. Kxd6 Kc2 76. Kd7 Bg5 77. Ke6 Kxb3 78. Kf5 Be7
79. g4 1-0

[Event "NM 2000"]
[Site "NPSF"]
[Date "2000.01.03"]
[Round "?"]
[White "Sjol, Henrik"]
[Black "Dahlberg, Jorn S"]
[Result "1/2-1/2"]
[WhiteElo "2020"]
[BlackElo "1457"]
[PlyCount "113"]
[EventDate "2000.??.??"]

1. c4 e5 2. Nc3 Nc6 3. g3 g6 4. Bg2 Bg7 5. e3 Nge7 6. Nge2 d6 7. O-O O-O 8. d4
exd4 9. exd4 Bg4 10. h3 Bxe2 11. Nxe2 Nf5 12. d5 Ne5 13. Qb3 Re8 14. Re1 c5 15.
Be4 Nc6 16. dxc6 Rxe4 17. cxb7 Rb8 18. Bd2 Qd7 19. g4 Rxe2 20. Rxe2 Nd4 21. Qd3
Nxe2+ 22. Qxe2 Qxb7 23. Bc3 Bxc3 24. bxc3 Qb2 25. Qxb2 Rxb2 26. Rd1 Rxa2 27.
Rxd6 Ra4 28. Kg2 Rxc4 29. Ra6 Rxc3 30. Rxa7 g5 31. Rc7 Rc4 32. Rc8+ Kg7 33. Kf3
Rc3+ 34. Ke4 c4 35. f3 h6 36. Rc6 f6 37. Rc8 Kf7 38. Rh8 Rc1 39. Kd4 Kg7 40.
Rc8 Rh1 41. Rxc4 Rxh3 42. Ke4 h5 43. Rc7+ Kg6 44. gxh5+ Rxh5 45. Ke3 Rh1 46.
Kf2 Rh8 47. Rb7 f5 48. Rb6+ Kh5 49. Rb5 Rf8 50. Ra5 f4 51. Ra7 Rb8 52. Rh7+ Kg6
53. Ra7 Rb2+ 54. Kf1 g4 55. fxg4 Kg5 56. Ra3 Kxg4 57. Rc3 1/2-1/2